Venezuela, tierra mágica /

Guardado en:
Bibliografiske detaljer
Hovedforfatter: Armas Alfonso, Alfredo, 1921-
Format: Ukendt
Sprog:Spanish
Udgivet: Venezuela : [editor no identificado], [fecha de publicación no identificada].
Fag:
Tags: Tilføj Tag
Ingen Tags, Vær først til at tagge denne postø!

MARC

LEADER 000000000a22000000004500
001 008813
041 0 |a spa 
082 0 4 |a 918.7   |b V458v 
100 1 |a Armas Alfonso, Alfredo,   |d 1921- 
245 1 0 |a Venezuela, tierra mágica /   |c Alfredo Armas Alfonso. 
260 1 |a Venezuela :   |b [editor no identificado],   |c [fecha de publicación no identificada]. 
300 |a 1 volúmenes :   |b ilustraciones a color 
500 |a Serie coordinada por Alfredo Armas Alfonzo 
650 4 |a VENEZUELA 
650 4 |a DESCRIPCIONES Y VIAJES 
650 4 |a VIDA SOCIAL Y COSTUMBRES 
999 |c 14313  |d 14313 
942 |c BK  |h 918.7 V458v  |2 z